Organic Chemistry:Structure and function.(5th edition) (Record no. 52798)

MARC details
000 -LEADER
fixed length control field 00661nam a2200157 a 4500
008 - FIXED-LENGTH DATA ELEMENTS--GENERAL INFORMATION
fixed length control field 210224s2007 ||||||||||||||||| || u
020 ## - INTERNATIONAL STANDARD BOOK NUMBER
International Standard Book Number 9780716799498
050 ## - LIBRARY OF CONGRESS CALL NUMBER
Classification number QD 251.3 Vol
100 ## - MAIN ENTRY--PERSONAL NAME
Personal name Vollhardt, K. Peter C
245 10 - TITLE STATEMENT
Title Organic Chemistry:Structure and function.(5th edition)
Statement of responsibility, etc. By K. Peter C. Vollhardt; Neil E. Schore
250 ## - EDITION STATEMENT
Edition statement 5th edition
260 ## - PUBLICATION, DISTRIBUTION, ETC.
Place of publication, distribution, etc. New York
Name of publisher, distributor, etc. W. H. Freeman and Company
Date of publication, distribution, etc. 2007
300 ## - PHYSICAL DESCRIPTION
Extent xxviii,1254 pages:illustrations
650 ## - SUBJECT ADDED ENTRY--TOPICAL TERM
Topical term or geographic name entry element CHEMISTRY--ORGANIC--TEXTBOOKS
995 ## - RECOMMENDATION 995 [LOCAL, UNIMARC FRANCE]
-- CBU-MAIN LIBRARY (Kitwe)
-- 1
-- AVAILABLE
-- Mar 30, 2021
-- Main Library Open Access Collection
Holdings
Withdrawn status Lost status Source of classification or shelving scheme Damaged status Not for loan Home library Current library Shelving location Date acquired Total Checkouts Full call number Barcode Date last seen Price effective from Koha item type
          CBU-MAIN LIBRARY, KITWE. CBU-MAIN LIBRARY, KITWE.   11/30/2022   QD 251.3 Vol 750838 11/30/2022 11/30/2022 MONOGRAPH